LEADER 01298nam a22002771i 4500 001 991002736589707536 005 20040317133416.0 008 040624s1963 it a||||||||||||||||fre 035 $ab12969977-39ule_inst 035 $aARCHE-092765$9ExL 040 $aDip.to Beni Culturali$bita$cA.t.i. Arché s.c.r.l. Pandora Sicilia s.r.l. 082 04$a737.4937 100 1 $aBabelon, Ernest$0471091 245 10$aDescription historique et chronologique des monnaies de la Republique romaine, vulgairement appellées monnaies consulaires /$cpar Ernest Babelon 250 $aRist. anast. 260 $aBologna :$bForni,$c1963 300 $a2 v. :$bill. ;$c25 cm 500 $aRipr. facs. dell'ed.: 1885-1886. 650 4$aMonete romane$ySec. 1. a.C. 907 $a.b12969977$b02-04-14$c12-07-04 912 $a991002736589707536 945 $aLE001 N III 4$g1$i2001000083275$lle001$nV. 1. - C. 1$o-$pE0.00$q-$rl$s- $t0$u0$v0$w0$x0$y.i13572672$z12-07-04 945 $aLE001 N III 4a$g1$i2001000083282$lle001$nV. 2. - C. 1$o-$pE0.00$q-$rl$s- $t0$u0$v0$w0$x0$y.i13572684$z12-07-04 996 $aDescription historique et chronologique des monnaies de la Republique romaine, vulgairement appellées monnaies consulaires$9279304 997 $aUNISALENTO 998 $ale001$b12-07-04$cm$da $e-$ffre$git $h0$i2 LEADER 01583nam2 2200337 i 450 001 VAN00017575 005 20250121111107.327 100 $a20040610d1996 |0itac50 ba 101 $aeng 102 $aGB 105 $a|||| ||||| 181 $ai$b e 182 $an 200 0 $a1$fFrank P. Lees 205 $a2. ed 210 $aOxford$cButterworth-Heinemann$d1996 215 $a1 volume (varie sequenze)$cill.$d25 cm 461 1$1001VAN00017574$12001 $aLoss prevention in the process industries$ehazard identification, assessment, and control$fFrank P. Lees$1205 $a2. ed$1210 $aOxford$cButterworth-Heinemann$d1996$1215 $avolumi$cill.$d26 cm$v1 620 $aGB$dOxford$3VANL000020 676 $a658.47$cSicurezza dell'azienda e servizi informativi$v22 700 1$aLees$bFrank P.$3VANV013520$014058 712 $aButterworth-Heinemann $3VANV111807$4650 790 1$aLees, F. P.$zLees, Frank P.$3VANV102179 790 1$aLees, Frank Pearson$zLees, Frank P.$3VANV238434 790 1$aLees, F.P.$zLees, Frank P.$3VANV216626 801 $aIT$bSOL$c20250124$gRICA 912 $aVAN00017575 950 $aBIBLIOTECA DEL DIPARTIMENTO DI SCIENZE E TECNOLOGIE AMBIENTALI BIOLOGICHE E FARMACEUTICHE$d17CONS Ni21/1 $e17FSA1759/1 20040610 $sBuono 950 $aBIBLIOTECA DEL DIPARTIMENTO DI SCIENZE E TECNOLOGIE AMBIENTALI BIOLOGICHE E FARMACEUTICHE$d17PREST Ni20/1 $e17FSA1739 20040610 $sBuono 996 $a1$94209315 997 $aUNICAMPANIA